000 00508nam a22001817a 4500
003 MPLRDC
005 20220104200043.0
008 210129b ||||| |||| 00| 0 eng d
020 _a978-986-6006-77-7
082 _a437.18 LYM
100 _a菲利普.林伯里 PHILIP LYMBERY , 伊莎贝尔.欧克夏 ISABEL OAKESHOTT
245 _a坏农业
_c郑囊忆,游卉庭 译
250 _a初版
260 _a台湾
_b如果出版
_c2015
300 _b
650 _a畜牧业
942 _cBK
_o437.18 LYM
999 _c66506
_d66496